Modelovanie a riadenie laboratórneho modelu magnetickej levitácie

Salvato in:
Dettagli Bibliografici
Autore principale: Slavik, David (Autore)
Altri autori: Hypiusová, Mária (Relatore della tesi)
Natura: Manoscritto Libro
Lingua:slovacco
Pubblicazione: Bratislava : STU v Bratislave FEI, 2023
Soggetti:
Accesso online:https://opac.crzp.sk/?fn=detailBiblioFormChildKSM1K&sid=32866E47BC3455BDB5F578CEA70C&seo=CRZP-detail-kniha
Tags: Aggiungi Tag
Nessun Tag, puoi essere il primo ad aggiungerne!!

MARC

LEADER 00000ntm a22000003a 4500
001 stuzp92195
003 SK-STU
005 20241205152627.3
007 ta
008 150427s2015----xo-----f-mn---000-0-slo-d
040 |a STU  |b slo 
041 0 |a slo 
044 |a xo 
100 1 |a Slavik, David  |u 030400  |4 aut  |U FEI Fakulta elektrotechniky a informatiky  |T FEI Ústav automobilovej mechatroniky  |X 99779  |U E400  |Y 642  |7 99779 
242 0 1 |a Modeling and control of magnetic levitation laboratory model  |y eng 
245 1 0 |a Modelovanie a riadenie laboratórneho modelu magnetickej levitácie 
260 |a Bratislava :  |b STU v Bratislave FEI,  |c 2023 
300 |a 95 s. 
650 4 |a MLS2EM  |2 slo 
650 4 |a regulátor  |2 slo 
650 4 |a poleplacement  |2 slo 
650 4 |a LQ  |2 slo 
650 4 |a GPC  |2 slo 
650 4 |a magnetická levitácia  |2 slo 
650 4 |a MLS2EM  |2 eng 
650 4 |a controller  |2 eng 
650 4 |a poleplacement  |2 eng 
650 4 |a LQ  |2 eng 
650 4 |a magnetic levitation  |2 eng 
650 4 |a GPC  |2 eng 
700 1 |a Hypiusová, Mária  |u 030400  |k Z1  |4 ths  |U FEI Fakulta elektrotechniky a informatiky  |T FEI Ústav automobilovej mechatroniky  |X 4949  |U E400  |Y 642  |7 A000004949 
856 4 |u https://opac.crzp.sk/?fn=detailBiblioFormChildKSM1K&sid=32866E47BC3455BDB5F578CEA70C&seo=CRZP-detail-kniha